000 00271nmm a2200085Ia 4500
008 220120s9999||||xx |||||||||||||||||und||
100 _aPCQ August 2009
_911180
245 0 _a15 tools for disk & file mgmt, backup & recovery, 2 linux 15
260 _aCyber tach publication
_c2009
999 _c139440
_d139440